Music Quiz

Random Music or Decade Quiz
Score 0/15 Timer 04:00
0 Plays Today
% Correct
Lou Bega
91.9%
Sinéad O'Connor
90.2%
Chumbawamba
88.9%
Deep Blue Something
73%
Eagle-Eye Cherry
72.9%
Haddaway
71.4%
Tag Team
67.1%
Blind Melon
66%
% Correct
Tom Cochrane
62.5%
Joan Osborne
62.4%
Fiona Apple
57.1%
Len
56.4%
The Verve Pipe
54.6%
Tal Bachman
49.4%
White Town
42.9%
Remove Ads.
Support Sporcle.
Get the best of Sporcle when you Go Orange. This ad-free experience offers more features, more stats, and more fun while also helping to support Sporcle. Thank you for becoming a member.

You're not logged in!

Compare scores with friends on all Sporcle quizzes.
OR
Log In

Show Comments

Extras

Top Quizzes Today


Score Distribution

Your Account Isn't Verified!

In order to create a playlist on Sporcle, you need to verify the email address you used during registration. Go to your Sporcle Settings to finish the process.

Report this User

Report this user for behavior that violates our Community Guidelines.

Details: